| 000 | 00379nam a2200121Ia 4500 | ||
|---|---|---|---|
| 008 | 220615s9999||||xx |||||||||||||| ||und|| | ||
| 245 | 0 | _aIon Beam Techniques and Applications | |
| 546 | _aEnglish[eng] | ||
| 650 | _aMaterials science | ||
| 700 | _aAhmad, Ishaq||Zhao, Tingkai | ||
| 856 | _uhttps://mts.intechopen.com/storage/books/8188/authors_book/authors_book.pdf | ||
| 942 | _cEB | ||
| 999 |
_c10532 _d10532 |
||